00845nam a2200193Ia 4500008004100000020001800041082001600059100002800075245012000103250000600223260004800229300001000277500006000287650004400347700005700391952009300448952009300541999001700634120629s9999 xx 000 0 und d a970-24-0258-1 a512.9 N665m aNieves Hurtado, Antonio aMétodos numéricos aplicados a la ingeniería / Antonio Nieves Hurtado, Federico C. Domínguez Sánchez  a2 aMéxico : Compañia Editorial Continental a600 p aCD ROM, índice y respuestas a problemas seleccionados a1. MATEMATICAS \ 2. METODOS NUMERICOS aDomínguez Sánchez, Federico C.; Coaut. Ì 00104070a15b15d2009-11-12l0o512.9 N665Mp15 003361r2017-12-07t1w2012-06-28yLB 00104070a15b15d2009-11-12l0o512.9 N665Mp15 003362r2017-12-07t2w2012-06-28yLB c76703d76703